Young people and social change : individualization and risk in late modernity /

The risk society. Change and cotinuity in education. Social change and labour market transitions. Changing patterns of dependency. Leisure and lifestyles. Health risks in late modernity. Crime and insecurity. Politics and participation. The epistemological fallacy of late modernity.

Đã lưu trong:
書目詳細資料
主要作者: Furlong, Andy.
其他作者: Cartmel, Fred.
格式: 圖書
語言:English
出版: Buckingham [England] ; Philadelphia : Open University Press, 1997.
主題:
標簽: 添加標簽
沒有標簽, 成為第一個標記此記錄!
Thư viện lưu trữ: Mạng thư viện Đại học Đà Nẵng
LEADER 01335cam a2200373 i 4500
001 000049404
003 9149
005 20030304155556.0
008 010323|1997 vm 000 eng
020 |a 0335194648 
040 |a IRC  |c IRC  |d IRC 
041 0 |a eng 
082 1 4 |a 305.2350941  |b FU-A 
100 1 |a Furlong, Andy. 
245 0 0 |a Young people and social change :  |b individualization and risk in late modernity /  |c Andy Furlong and Fred Cartmel. 
260 |a Buckingham [England] ; Philadelphia :  |b Open University Press,  |c 1997. 
300 |a 141 p. ;  |c 23cm. 
520 3 |a The risk society. Change and cotinuity in education. Social change and labour market transitions. Changing patterns of dependency. Leisure and lifestyles. Health risks in late modernity. Crime and insecurity. Politics and participation. The epistemological fallacy of late modernity. 
630 0 4 |a Great Britain. 
630 0 4 |a Social conditions. 
630 0 4 |a Youth. 
650 0 4 |a Youth  |z Great Britain  |x Social conditions. 
650 0 4 |a Great Britain  |x Social conditions  |y 1945- 
700 1 |a Cartmel, Fred. 
OWN |a DUT 
999 |a From the UDN01 
TYP |a Monograph 
TYP |a Printed language 
980 |a Mạng thư viện Đại học Đà Nẵng